🎶 Paroles "Les fées" Yves Duteil - Statistiques

Statistiques générales
  • Ce quiz a Ă©tĂ© pris 21 fois
  • Le rĂ©sultat moyen est 337 sur 376
Statistiques - réponses
Mots % Correct
Ă 
100%
a
100%
au
100%
aux
100%
C'
100%
c'
100%
cœur
100%
de
100%
de-
100%
Des
100%
des
100%
dĂ»
100%
eau
100%
en
100%
En
100%
est
100%
Et
100%
et
100%
fée
100%
fées
100%
j'
100%
je
100%
Je
100%
jour
100%
l'
100%
la
100%
les
100%
Les
100%
m'
100%
n'
100%
nuit
100%
on
100%
ont
100%
plus
100%
pour
100%
que
100%
qui
100%
s'
100%
se
100%
Se
100%
sur
100%
t'
100%
Tu
100%
tu
100%
un
100%
aller
91%
dans
91%
elle
91%
Elle
91%
grand
91%
Il
91%
moi,
91%
mon
91%
partir
91%
son
91%
ton
91%
tout
91%
y
91%
alors
82%
as
82%
avait
82%
avec
82%
Avec
82%
cent
82%
danser
82%
elles
82%
fait
82%
finir
82%
jours
82%
lune
82%
mais
82%
Mais
82%
mer
82%
ne
82%
nos
82%
petits
82%
pie
82%
puis
82%
Puis,
82%
Quand
82%
queue-
82%
rĂŞves
82%
sans
82%
soirs
82%
souvenir
82%
souvenirs
82%
vents
82%
vers
82%
yeux
82%
allais
73%
amuse
73%
appelle
73%
appelle,
73%
Carabosse,
73%
carrosse
73%
chevaux
73%
couper
73%
doucement
73%
endormais,
73%
enfants,
73%
enfuit
73%
font
73%
forme
73%
galop
73%
grandir
73%
grandir,
73%
haut-
73%
jamais
73%
lagune
73%
mauves
73%
milliers
73%
morceaux
73%
partie
73%
plein
73%
pluie
73%
regarde
73%
rien
73%
sauve
73%
sont
73%
sourire
73%
Toutes
73%
avenir
64%
Bercer
64%
chambre,
64%
chambre
64%
crocodiles
64%
dormes,
64%
dormir
64%
endorme
64%
eux
64%
fouetté
64%
histoires
64%
inventais,
64%
invente
64%
jusqu'
64%
magiciens
64%
nuits
64%
quant
64%
rappellent
64%
trop
64%
derrière
55%
emportait
55%
enfuis
55%
fouettais
55%
grenouilles
55%
laissant
55%
monotones
55%
plaisir
55%
pouvais
55%
repense
55%
rires
55%
depuis,
36%
Aucun quiz correspondant
Distribution des résultats
% des personnes avec chaque résultat
Percentile par nombre de réponses
Votre historique - résultats
Vous n’avez pas pris ce quiz